Lehrbuch der Institutionen des römischen Rechtes.

Furkejuvvon:
Bibliográfalaš dieđut
Váldodahkki: Czyhlarz, Karl Ritter von (autor)
Materiálatiipa: Girji
Almmustuhtton: Wien, Österreich: Leipzig, Deutschland: F. Tempsky; G. Freytag, 1908.
Fáttát:
Fáddágilkorat: Lasit fáddágilkoriid
Eai fáddágilkorat, Lasit vuosttaš fáddágilkora!

MARC

LEADER 00000nam a22000007a 4500
003 CL-VaPUC
005 20220822114817.0
008 220804t1908 ||||| |||| 00| 0 eng d
999 |c 437984  |d 437982 
040 |c Pontificia Universidad Católica de Valparaíso 
082 7 |a 340.54 CZY 1908  |2 22 
100 1 |a Czyhlarz, Karl Ritter von   |9 874822  |e autor 
245 |a Lehrbuch der Institutionen des römischen Rechtes. 
260 |a Wien, Österreich:  |b F. Tempsky;  |a Leipzig, Deutschland:  |b G. Freytag,  |c 1908. 
300 |a 403 páginas.  
500 |a c.1 Donación Familia Prof. Alejandro Guzmán Brito. 
583 |c 20220804  |k Cristina María Rojas Aguilar 
650 |a Derecho romano  |9 874823 
942 |2 ddc  |c BK  |n 0 
952 |0 0  |1 0  |2 ddc  |4 0  |6 340_540000000000000_CZY_1908  |7 0  |8 C_AGB  |9 585848  |a BIBDER  |b BIBDER  |d 2022-08-04  |e Donación   |i 5653793  |o 340.54 CZY 1908  |p 5653793  |r 2023-01-25  |t 1  |w 2022-08-04  |y BK_US  |k AGB